000 00509nam a22001937a 4500
003 MPLRDC
005 20220104190528.0
008 210129b ||||| |||| 00| 0 eng d
020 _a978-986-185-198-3
082 _a991.96 LQ
100 _a刘谦
245 _a男人必学的魔术
_c
250 _a初版
260 _a台湾
_b英属维京群岛商高宝国际有限公司台湾分公司
_c2008
300 _b
490 _a新视野 NEW WINDOW: 65
650 _a魔术
942 _cBK
_o991.96 LQ
999 _c63828
_d63818